000 00469nam a2200193Ia 4500
008 220531s9999 xx 000 0 und d
041 _aeng
082 _a-
_bNAT
100 _aNatu, A. D.
_968813
245 _aOrganic Chemistry (sem-iv)
250 _a1ST
260 _aPune
_bNirali
_c2014
300 _a5.26
542 _d31-07-2014
551 _aScience
_bNon-grant-SCI
650 _aChemistry
_968814
906 _d2014-2015
_f698
999 _c38638
_d38638